Datum a čas kvízu
34.5
Celkem bodů
Celkový počet nahraných bodů na tomto kvízu bez doplňovacích otázek.
5.
Pořadí na kvízu
Konečné umístění týmu na tomto kvízu.
Zaznamenané odpovědi
| # | Otázka | Odpověď | Body | Výsledky |
|---|---|---|---|---|
| 1. | Jedna česká politička oslavila... | Markéta Pekarová Adamová | 1 | |
| 2. | Prezident jedné jihoamerické z... | Venezuela | 1 | |
| 3. | Tvůrci jednoho oblíbeného seri... | Simpsonovi | 1 | |
| 4. | V pondělí ukončila svůj provoz... | Spojené království / Velká Británie | 1 | |
| 5. | Napište názvy dvou hokejových... | Buffalo Sabres, New Jersey Devils | 1 | |
| 6. | Který stát zcela obklopuje zem... | Jihoafrická republika (JAR, Jižní Afrika) | 1 | |
| 7. | Berlínská zeď oddělovala výcho... | 1961 (1960 a 1962 za půl bodu) | 0 | |
| 8. | V Pásmu Gazy, jež je v podstat... | A | 0 | |
| 9. | V roce 2015 během jediného dne... | Indie a Bangladéš | 1 | |
| 10. | Jak se jmenují dvě španělská m... | Ceuta a Melilla | 1 |